Reconcilable differences : Turning points in ethnopolitical conflict

Gardado en:
Detalles Bibliográficos
Formato: Libro
Idioma:Undetermined
Publicado: West Hartford Kumarian Press 2000
Những chủ đề:
Các nhãn: Engadir etiqueta
Sen Etiquetas, Sexa o primeiro en etiquetar este rexistro!
Thư viện lưu trữ: Trung tâm Học liệu Trường Đại học Cần Thơ
LEADER 00735nam a2200205Ia 4500
001 CTU_109698
008 210402s9999 xx 000 0 und d
082 |a 305.8 
082 |b R311 
245 0 |a Reconcilable differences : 
245 0 |b Turning points in ethnopolitical conflict 
245 0 |c Editors: Sean Byrne, Cynthia L. Irvin ; associate editors: Paul Dixon, Brian D. Polkinghorn, Jessica Senehi 
260 |a West Hartford 
260 |b Kumarian Press 
260 |c 2000 
650 |a Ethnic relation,Culture conflict,Political violence,Conflict management 
650 |x Political aspects 
904 |i Minh, Q. Hieu 
910 |a Thay Cutter thành 305.8/R311 
980 |a Trung tâm Học liệu Trường Đại học Cần Thơ